Sports Quiz

Random Sports or Basketball Quiz

Cleveland Cavaliers All-Time Leaders Quiz Stats

 Plays Quiz Updated May 16, 2019

Score 0/50 Timer 06:00
5 Plays Today
Hint Answer % Correct
ReboundsLeBron James
99.8%
PointsLeBron James
99.7%
AssistsLeBron James
96.9%
StealsLeBron James
96.9%
BlocksLeBron James
96.9%
PointsMark Price
69.5%
AssistsMark Price
69.4%
StealsMark Price
69.4%
StealsKyrie Irving
68%
PointsZydrunas Ilgauskas
66.3%
ReboundsZydrunas Ilgauskas
66.3%
BlocksZydrunas Ilgauskas
66.3%
PointsJohn Williams
59.4%
ReboundsJohn Williams
59.4%
StealsJohn Williams
59.4%
BlocksJohn Williams
59.4%
PointsKyrie Irving
58.6%
PointsBrad Daugherty
53.9%
ReboundsBrad Daugherty
53.9%
AssistsBrad Daugherty
53.9%
BlocksBrad Daugherty
53.9%
AssistsKyrie Irving
49.5%
PointsBingo Smith
47.1%
PointsLarry Nance
46.7%
ReboundsLarry Nance
46.7%
Hint Answer % Correct
BlocksLarry Nance
46.7%
ReboundsAnderson Varejao
41.6%
StealsAnderson Varejao
41.6%
BlocksAnderson Varejao
41.6%
AssistsCraig Ehlo
37.7%
StealsCraig Ehlo
37.7%
ReboundsTristan Thompson
36.8%
ReboundsBingo Smith
34.5%
BlocksTristan Thompson
30.1%
AssistsAndre Miller
24.2%
PointsAustin Carr
23.9%
AssistsAustin Carr
23.9%
AssistsTerrell Brandon
21.7%
StealsTerrell Brandon
21.7%
StealsRon Harper
19.8%
PointsCampy Russell
10.7%
AssistsFoots Walker
9.8%
StealsFoots Walker
9.8%
ReboundsJim Chones
8.5%
BlocksJim Chones
8.5%
AssistsJohn Bagley
6.2%
StealsJohn Bagley
6.2%
ReboundsJim Brewer
5.3%
BlocksJim Brewer
5.3%
BlocksRoy Hinson
4.9%

You're not logged in!

Compare scores with friends on all Sporcle quizzes.
OR
Log In

Show Comments

Extras

Top Quizzes Today


Score Distribution

Your Account Isn't Verified!

In order to create a playlist on Sporcle, you need to verify the email address you used during registration. Go to your Sporcle Settings to finish the process.

Report this User

Report this user for behavior that violates our Community Guidelines.

Details: